| 000 | 00991cam a22001814a 4500 | ||
|---|---|---|---|
| 005 | 20250605164355.0 | ||
| 008 | 250528s ||||||||||||||||||||||||d | ||
| 035 | _a24281 | ||
| 040 |
_aGR-AtMCL _bgre _dGR-AtMCL _eAACR2 |
||
| 245 | 1 | _aMW EE - RF Microwave / 5G NR Test Radar | |
| 260 |
_bEuropean Business Press Sa, _c2020 |
||
| 300 | _a26 | ||
| 520 | _aSmartphone and Stretchable E-Tattoo Enable Heart Monitoring, CEA-Leti and Radiall Collaborate on RF Components for 5G, Major Milestone for LoRa in Space, Radar Chip 'Sees' both Inside and Outside the Vehicle, 5G NR Network Rollout is Now-Let's Test, LoRaWAN Puts Security First, Radar: Power Supply Modulation Ratio Demystified: How Does PSMR Differ from PSRR, It's About Time for 5G - About Giving Radios Precise Local Clock Sources Even in Harsh Environments, HaLow WiFi Built on Raspberry Pi 3HaLow, Handheld Microwave Analyzer Targets 5G. | ||
| 700 | 1 |
_aJoosting Jean-Pierre _99443 |
|
| 942 | _cCR | ||
| 999 |
_c9171 _d9171 |
||